00408nam a2200109Ia 4500008004100000020001500041245011000056260003900166300004900205440002500254999001900279150220s9999 xx 000 0 und d a0590491911 aIt takes a leader :bin every community there are people who inspire others to take action /cScholastic. aNew York :bScholastic Inc.,c1996 a128 pages :bColored, Illustration ;c28 cm. aLiteracy Sourcebook. c283088d283088